000 00415nam a2200157Ia 4500
005 20240807062634.0
008 240806s9999||||xx |||||||||||||| ||eng||
041 _aeng
082 _a891.4312
_bSHAB
100 _aSharma, Krishna Dev ; Agrawal, Maya
245 0 _aBhramar geet saar /
_cSharma, Krishna Dev ; Agrawal, Maya
260 _bAnita Prakashan, Delhi
300 _a286p.
650 _aHindi
942 _cBK
999 _c25003
_d25003